000 00293nam a2200121Ia 4500
008 190216s9999||||xx |||||||||||||| ||und||
100 _aRusin N &flit L
245 0 _aManushanum Kalavasthyum
260 _bKerala Bhasha Institute
_c1973
300 _a129p
650 _aBotany
942 _cBK
999 _c37645
_d37645